| 000 | 01242nam a22002897a 4500 | ||
|---|---|---|---|
| 999 |
_c65428 _d65428 |
||
| 005 | 20240530110824.0 | ||
| 008 | 190729s2018 ua ad g b 000 0dara d | ||
| 017 | _bمصر. دار الكتب | ||
| 020 | _a9789773224004 | ||
| 040 |
_aEG-CaGPL _cEG-CaGPL |
||
| 082 | 0 | 4 |
_221 _a962.42/ _bم ج |
| 100 | 0 | _aمحمد فؤاد شكرى | |
| 245 | 1 | 0 |
_aجوردون فى الخرطوم : _b1884 - 1885م / _cمحمد فؤاد شكرى ؛ ترجمة اشرف على مروان |
| 250 | _aط.1 | ||
| 260 |
_aالقاهرة : _bعين للدراسات و البحوث الانسانية و الاجتماعية، _c2018. |
||
| 300 |
_a103 ص. : _bايض ؛ _c24 سم. |
||
| 504 | _aيشتمل على ارجاعات ببليوجرافية | ||
| 650 | _2qrmak | ||
| 651 | 0 | 7 |
_2qrmak _aالسودان _xالاحوال الاجتماعية |
| 651 | 0 | 7 |
_2qrmak _aالسودان _xتاريخ |
| 651 | 0 | 7 |
_2qrmak _aالسودان _xالاحوال السياسية |
| 651 | 0 | 7 |
_2qrmak _aالسودان _xتاريخ _yالعصر الحديث _xالثورة المهدية ( 1882 - 1899م ) |
| 653 | 0 | _aالخرطوم - حصار | |
| 700 | 0 |
_aاشرف على مروان _eمترجم |
|
| 942 |
_2ddc _cBK |
||